| 000 | 00413nam a2200121Ia 4500 | ||
|---|---|---|---|
| 008 | 160227s9999 xx 000 0 und d | ||
| 100 | _aShaffer, C.A. | ||
| 245 | _aData Structures and Algorithm Analysis Edition 3.2 (Java Version) / | ||
| 245 | _cC.A. Shaffer. | ||
| 260 | _c2012 | ||
| 650 | _xJava Computer programming language). | ||
| 856 | _uhttp://media.wix.com/ugd/f47560_fad7c5aa259a46ac8b7f684c25669960.pdf | ||
| 999 |
_c291041 _d291041 |
||